<?xml version="1.0" encoding="UTF-8"?><?xml-stylesheet type="text/xsl" href="static/style.xsl"?><OAI-PMH xmlns="http://www.openarchives.org/OAI/2.0/" xmlns:xsi="http://www.w3.org/2001/XMLSchema-instance" xsi:schemaLocation="http://www.openarchives.org/OAI/2.0/ http://www.openarchives.org/OAI/2.0/OAI-PMH.xsd"><responseDate>2026-04-17T03:20:19Z</responseDate><request verb="GetRecord" identifier="oai:www.recercat.cat:10256/27199" metadataPrefix="marc">https://recercat.cat/oai/request</request><GetRecord><record><header><identifier>oai:recercat.cat:10256/27199</identifier><datestamp>2025-09-09T19:59:57Z</datestamp><setSpec>com_2072_452955</setSpec><setSpec>com_2072_2054</setSpec><setSpec>col_2072_453035</setSpec></header><metadata><record xmlns="http://www.loc.gov/MARC21/slim" xmlns:dcterms="http://purl.org/dc/terms/" xmlns:xsi="http://www.w3.org/2001/XMLSchema-instance" xmlns:doc="http://www.lyncode.com/xoai" xsi:schemaLocation="http://www.loc.gov/MARC21/slim http://www.loc.gov/standards/marcxml/schema/MARC21slim.xsd">
   <leader>00925njm 22002777a 4500</leader>
   <datafield ind2=" " ind1=" " tag="042">
      <subfield code="a">dc</subfield>
   </datafield>
   <datafield ind2=" " ind1=" " tag="720">
      <subfield code="a">Rimac, Ina</subfield>
      <subfield code="e">author</subfield>
   </datafield>
   <datafield ind2=" " ind1=" " tag="720">
      <subfield code="a">Pranić, Ljudevit</subfield>
      <subfield code="e">author</subfield>
   </datafield>
   <datafield ind2=" " ind1=" " tag="720">
      <subfield code="a">Jurić, Ena</subfield>
      <subfield code="e">author</subfield>
   </datafield>
   <datafield ind2=" " ind1=" " tag="260">
      <subfield code="c">2025-04-30</subfield>
   </datafield>
   <datafield ind2=" " ind1=" " tag="520">
      <subfield code="a">Tipping in the hospitality industry is a widespread but under-researched phenomenon, particularly in regions where cultural, economic, and social dynamics diverge from established norms. This study explores the critical role of consumer-perceived value in shaping tipping behaviour in the restaurant industry, specifically focusing on Croatia - a context where unique cultural, economic, and social dynamics influence tipping practices. Analysing data from 438 Croatian residents, the study reveals how service dimensions - such as food quality, ambiance, service convenience, and server quality - intersect with demographic characteristics and payment methods to influence tipping practices and WoM recommendations. The research situates Croatia's tipping practices within the broader framework of tourism innovation, emphasizing the interplay of legislative reforms (such as the introduction of card-based tipping), operational advancements (such as the integration of digital payment systems), and evolving cultural norms. These innovations enhance the dining experience for both locals and international tourists, aligning local hospitality practices with global standards. The findings underscore how transitional economies can leverage these combined innovations to strengthen their competitiveness in the global tourism market while fostering positive tourist perceptions</subfield>
   </datafield>
   <datafield ind1="8" ind2=" " tag="024">
      <subfield code="a">http://hdl.handle.net/10256/27199</subfield>
   </datafield>
   <datafield tag="653" ind2=" " ind1=" ">
      <subfield code="a">Propines -- Croàcia</subfield>
   </datafield>
   <datafield tag="653" ind2=" " ind1=" ">
      <subfield code="a">Restaurants -- Croàcia</subfield>
   </datafield>
   <datafield tag="653" ind2=" " ind1=" ">
      <subfield code="a">Turisme -- Croàcia</subfield>
   </datafield>
   <datafield tag="653" ind2=" " ind1=" ">
      <subfield code="a">Tipping -- Croatia</subfield>
   </datafield>
   <datafield tag="653" ind2=" " ind1=" ">
      <subfield code="a">Restaurants -- Croatia</subfield>
   </datafield>
   <datafield tag="653" ind2=" " ind1=" ">
      <subfield code="a">Tourism -- Croatia</subfield>
   </datafield>
   <datafield ind2="0" ind1="0" tag="245">
      <subfield code="a">Drivers of Tipping Behaviour in Restaurants: The Case of Croatia</subfield>
   </datafield>
</record></metadata></record></GetRecord></OAI-PMH>